00708nam a2200205Ia 4500001000600000003000500006008004100011010001100052040000900063100003100072245016100103260004400264300001000308440000500318502009200323503000500415650002600420650003400446650002200480Z_788CHAP220113s1991 xx 000 0 und d a163882 cCHAP aAltuzar Figueroa, Hernando aEvaluación de la forma física del alimento y la suplementación de alfalfa (Medicago sativa) en la engorda de conejos /cpor Hernando Altuzar Figueroa aCd. Juárez, Chih. :bEl autor,c1991 a37 h. a aTesis (Ing. Agr. Esp. en Zootecnia) -- Escuela Superior de Agricultura Hermanos Escobar a aAlfalfa como forraje  aConejosxAlimentación I. t. aConejosxEngorda